000 00372nam a22001337a 4500
999 _c4451
_d4451
008 200804b ||||| |||| 00| 0 eng d
082 0 0 _a620.106
_bD733
100 _9797
_aDouglas, John F.
245 1 0 _aSolving problems in fluid mechanics - part 2 /
_cby John F. Douglas
260 _aLondon:
_bPitman,
_c1986.
300 _aix, 264 p.
650 0 _aHydraulics
942 _cBK